Deutsche Bands nach Bild - Statistiken

Allgemein
  • Dieses Quiz wurde 459 mal gespielt
  • Das Durchschnittsergebnis liegt bei 10 aus 16
Antwortstatistiken
Bildquiz Antwort % Korrekt
Scooter
89%
Modern Talking
88%
Tokio Hotel
88%
Rammstein
86%
Die fantastischen Vier
85%
Silbermond
85%
The BossHoss
82%
Die toten Hosen
79%
Die Prinzen
57%
Höhner
51%
Glasperlenspiel
47%
Fettes Brot
44%
Dschingis Khan
43%
Sportfreunde Stiller
42%
Deichkind
40%
AnnenMayKantereit
32%
Keine übereinstimmenden Quizze gefunden
Verteilung der Resultate
Anzahl Personen mit jedem Resultat
Perzentil nach korrekt beantworteten Fragen
Ihre Resultats-Entwicklung
Sie haben dieses Quiz noch nicht gespielt